Evangelism now: (Record no. 11038)

000 -LEADER
fixed length control field 00556nam a2200181 a 4500
001 - CONTROL NUMBER
control field :::00008831$&:&@@
003 - CONTROL NUMBER IDENTIFIER
control field OkBaRHE
005 - DATE AND TIME OF LATEST TRANSACTION
control field 20000607103346.0
008 - FIXED-LENGTH DATA ELEMENTS--GENERAL INFORMATION
fixed length control field s1970 j 000 0 eng u
040 ## - CATALOGING SOURCE
Transcribing agency
100 1# - MAIN ENTRY--PERSONAL NAME
Personal name Wilson, George M.
245 10 - TITLE STATEMENT
Title Evangelism now:
Remainder of title U.S. congress on evangelism.
260 ## - PUBLICATION, DISTRIBUTION, ETC. (IMPRINT)
Place of publication, distribution, etc Minneapolis, MN., :
Name of publisher, distributor, etc World Wide Publications
Date of publication, distribution, etc 1970
300 ## - PHYSICAL DESCRIPTION
Extent 231 p.
650 ## - SUBJECT ADDED ENTRY--TOPICAL TERM
Topical term or geographic name as entry element Evangelistic Addresses
942 ## - ADDED ENTRY ELEMENTS (KOHA)
Source of classification or shelving scheme
Koha item type Books
Copies
Barcode Shelving location Copy number Price effective from Damaged status Koha item type Source of classification or shelving scheme Full call number Permanent Location Withdrawn status Date last seen Not for loan Date acquired Lost status
8831General Stacks12010-04-14 Books BV 3795 .W6RHEMA Bible Training College 2010-04-14 2010-04-14